书目信息 |
| 题名: |
生态学
|
|
| 作者: | 麦肯齐, , 鲍尔, , 弗迪, 著 ;孙儒泳 译 | |
| 分册: | ||
| 出版信息: | 北京 科学出版社 2004.09 |
|
| 页数: | 367页 | |
| 开本: | 24cm | |
| 丛书名: | 精要速览系列 | |
| 单 册: | ||
| 中图分类: | Q14 | |
| 科图分类: | ||
| 主题词: | 生态学 | |
| 电子资源: | ||
| ISBN: | 7-03-014278-0 | |
| 000 | 01213nam 2200337 450 | |
| 001 | 0171174631 | |
| 005 | 20050319194614.62 | |
| 010 | @a7-03-014278-0@d39.00CNY | |
| 100 | @a20050319d2004 km y0chiy0120 ea | |
| 101 | 1 | @achi@ceng |
| 102 | @aCN@b110000 | |
| 105 | @aa a 000yy | |
| 200 | 1 | @a生态学@Asheng tai xue@f(英) A. 麦肯齐, A. S. 鲍尔, S. R. 弗迪著@F(ying)A.mai ken qi,A.S.bao er,S.R.fu di zhu@g孙儒泳 … [等] 译@Gsun ru yong…[deng]yi |
| 205 | @a第2版 | |
| 210 | @a北京@c科学出版社@d2004.09 | |
| 215 | @a367页@c图@d24cm | |
| 225 | 2 | @a精要速览系列@e先锋版 |
| 305 | @a据英文原版第2版译出 | |
| 312 | @a英文题名取自封面。 | |
| 320 | @a有书目 (第359-367页)。 | |
| 330 | @a本书分24个部分,62个主题,以简洁的形式提供核心的生态学知识,在阐明每一个主题之前,先以“要点”开始,以提供复习和核对用的清单。 | |
| 410 | 0 | @12001 @a精要速览系列 |
| 510 | 1 | @aEcology@zeng |
| 606 | 0 | @a生态学 |
| 690 | @aQ14@v4 | |
| 701 | 1 | @a麦肯齐,@Amai ken qi,@bA.@g(Mackenzie, Aulay)@4著 |
| 701 | 1 | @a鲍尔,@Abao er,@bA. S.@g(Ball, Andy S.)@4著 |
| 701 | 1 | @a弗迪,@Afu di,@bS. R.@g(Virdee, Sonia R.)@4著 |
| 702 | 0 | @a孙儒泳@Asun ru yong@4译 |
| 801 | 0 | @aCN@bRULIN@c20050319 |
| 905 | @a10447@dQ14@eB297 | |
| 生态学/(英) A. 麦肯齐, A. S. 鲍尔, S. R. 弗迪著/孙儒泳 … [等] 译.-第2版.-北京:科学出版社,2004.09 |
| 367页:图;24cm.-(精要速览系列:先锋版) |
| ISBN 7-03-014278-0:39.00CNY |
| 本书分24个部分,62个主题,以简洁的形式提供核心的生态学知识,在阐明每一个主题之前,先以“要点”开始,以提供复习和核对用的清单。 |
| ● |
| 相关链接 |
|
|
|
正题名:生态学
索取号:Q14/B297
 
预约/预借
| 序号 | 登录号 | 条形码 | 馆藏地/架位号 | 状态 | 备注 |
| 1 | 521674 | 205216746 | 自科库401/401自科库 25排2列5层/ [索取号:Q14/B297] | 在馆 | |
| 2 | 521675 | 205216755 | 期刊室512/401自科库 25排2列5层/ [索取号:Q14/B297] | 在馆 | |
| 3 | 521676 | 205216764 | 期刊室512/401自科库 25排2列5层/ [索取号:Q14/B297] | 在馆 | |
| 4 | 537188 | 205371881 | 期刊室512/401自科库 25排2列5层/ [索取号:Q14/B297] | 在馆 | |
| 5 | 537189 | 205371890 | 自科库401/401自科库 25排2列5层/ [索取号:Q14/B297] | 在馆 | |
| 6 | 537190 | 205371907 | 自科库401/401自科库 25排2列5层/ [索取号:Q14/B297] | 在馆 |